000 00636nam a22001337a 4500
040 _cRUA
082 _aAGR VAN 2011 B049 Or.1
100 _aVAN, KHUONN.
245 _aStudy of nematod rice and vegteble in tramkak district, takeo provice សិក្សាវត្តមានណេម៉ាតូតទៅលើលើដំណាំស្រូវ និងបន្លែ នៅស្រុកត្រាំកក់ ខេត្តតាកែវ
260 _aPhnom Penh
_bRUA
_c2011
300 _aix, 50p.
_bill.
_c29cm.
856 _uhttps://drive.google.com/file/d/1ygdQSKXqK-x8DZXCup4m3-Ki412kTr6A/view?usp=sharing
942 _cAGR
999 _c1266
_d1266